000 00699nam a2200229Ia 4500
003 OSt
005 20220918230632.0
006 a|||||r|||| 00| 0
007 ta
008 220917b |||||||| |||| 00| 0 eng d
024 _a256,779
037 _cTextual
040 _aARTS
_cARTS
_beng
041 _2eng
_aeng
082 _a14:16oj73.N6, K9
100 _aFraser Lynette Co.
_9152971
245 0 _aBibliography od publications relative to afro-American Studies
260 _aGreeley
_bColorado State College
_c1969
490 _aMisecellaneous Series ,no10 museum of Anthropology
942 _h14:16oj73.N6, K9
_cTEXL
_2CC
999 _c288561
_d288561